000 00364 a2200109 4500
001 ART_7502
005 20260410161720.0
008 260409a
245 1 0 _aApuntes sobre dificultades en materia de modelización contable
100 1 _aGarcía Casella, Carlos Luis
773 0 _tContabilidad y auditoría
_g- Año 9, Nº 18 (dic. 2003)
_wREV1723
999 _c16875
_d16875